लोड हो रहा है...

Indian political system : A reader in countinuity and change /

ग्रंथसूची विवरण
मुख्य लेखक: John K. Pulprarmpil
भाषा:Undetermined
प्रकाशित: New Delhi : V VPublication , Newdelhi.
श्रृंखला:Ppix+462,21.5Cms,Rs.75
LEADER 00526nam a2200145Ia 4500
001 99993
008 170722s9999 xx 000 0 und d
100 |a John K. Pulprarmpil 
245 |a Indian political system :  |b  A reader in countinuity and change / 
260 |a New Delhi :  |b V VPublication ,  |c Newdelhi. 
300 |a 1976 p. 
490 |a Ppix+462,21.5Cms,Rs.75 
942 |c GEN 
999 |c 89944  |d 89944 
952 |0 0  |1 0  |4 0  |6 WV_2_000000000000000_N6_L6  |7 0  |8 LC1  |9 126033  |a LIB  |b LIB  |d 2017-08-12  |h LC1  |o Wv2.N6 L6  |p 163334  |r 2017-08-12  |w 2017-08-12  |y GEN